Tratado de medidas cautelares : Medidas cautelares en procesos de familia Doctrina - Jurisprudencia /
Guardado en:
| Autor Principal: | |
|---|---|
| Otros Autores: | |
| Formato: | Libro |
| Idioma: | Spanish |
| Publicado: |
Santa Fe :
Panamericana,
2005
|
| Materias: | |
| Etiquetas: |
Agregar Etiqueta
Sin Etiquetas, Sea el primero en etiquetar este registro!
|
| LEADER | 00609nam a22001575a 4500 | ||
|---|---|---|---|
| 001 | DER.der001694 | ||
| 005 | 20070122000000.0 | ||
| 008 | 180615s2005####||||||||||||||||||||spa|| | ||
| 020 | |a 950-9706-72-8 | ||
| 100 | 1 | |a Galli Fiant, María Magdalena | |
| 245 | 1 | 0 | |a Tratado de medidas cautelares : |b Medidas cautelares en procesos de familia Doctrina - Jurisprudencia / |c María Magdalena Galli Fiant , coordinado por Jorge W. Peyrano |
| 260 | |a Santa Fe : |b Panamericana, |c 2005 | ||
| 300 | 0 | |a 340 p | |
| 653 | |a DERECHO PROCESAL CIVIL | ||
| 700 | 1 | |a Peyrano, Jorge W. |e coordinador | |
| 859 | |a DERECHO |b BIB. DERECHO |h 347.05 |i PEY |p 003266 | ||
